Buenos días tristeza / (Record no. 136659)

MARC details
000 -LEADER
campo de control de longitud fija 00545nam a2200181 4500
001 - NÚMERO DE CONTROL
campo de control 136659
003 - IDENTIFICADOR DE NÚMERO DE CONTROL
campo de control ES-MaACL
005 - FECHA Y HORA DE LA ÚLTIMA TRANSACCIÓN
campo de control 20250928113711.0
007 - CAMPO FIJO DE DESCRIPCIÓN FÍSICA--INFORMACIÓN GENERAL
campo de control de longitud fija t|
008 - DATOS DE LONGITUD FIJA--INFORMACIÓN GENERAL
campo de control de longitud fija 070214s1963 ag r ||||1| spa d
100 1# - ENTRADA PRINCIPAL--NOMBRE DE PERSONA
Nombre de persona Sagan, Françoise.
9 (RLIN) 101401
245 10 - MENCIÓN DEL TÍTULO
Título Buenos días tristeza /
Mención de responsabilidad, etc. Françoise Sagan ; traducción de Noel Clarasó.
260 ## - PUBLICACIÓN, DISTRIBUCIÓN, ETC.
Lugar de publicación, distribución, etc. Buenos Aires :
Nombre del editor, distribuidor, etc. Plaza & Janés,
Fecha de publicación, distribución, etc. 1963.
300 ## - DESCRIPCIÓN FÍSICA
Extensión 153 p. ;
Dimensiones 19 cm.
700 1# - ENTRADA AGREGADA--NOMBRE PERSONAL
Nombre de persona Clarasó, Noel,
Fechas asociadas al nombre 1899-1985
9 (RLIN) 39003
852 ## - LOCALIZACIÓN
Ubicación ES-MaACL
Número de control de estantería C-23894
Sublocalización o colección R.52182
Holdings
Estatus retirado Estado de pérdida Estado de daño No para préstamo Biblioteca de origen Biblioteca actual Ubicación en estantería Fecha de adquisición Fuente de adquisición Total de préstamos Signatura topográfica completa Código de barras Visto por última vez Precio de reemplazo Tipo de ítem Koha
        Biblioteca del Ateneo de Madrid Biblioteca del Ateneo de Madrid Depósito 2 17/01/2008     C-23894 1142223 23/02/2023 23/02/2023 Libro impreso